000 00919nam a2200265 i 4500
003 DO-SdBNP
005 20230704141620.0
007 ta
008 230627b20? dr ac||| |||| 00| 0 spa d
040 _aDO-SdBNP
_bspa
_cBNPHU
_erda
082 4 _bM632d
_222
245 1 0 _aDiez derechos de las familias de personas que padecen enfermedad mental grave /
_cJosé Mieses Michel
264 1 _aSanto Domingo :
_b[sin nombre],
_c[sin fecha].
300 _a16 páginas ;
_c24 cm.
336 _2rdacontent
_atexto
_btxt
337 _2rdamedia
_asin mediación
_bn
338 _2rdacarrier
_avolumen
_bnc
490 _aFundación en Apoyo a las personas con enfermedad mental, inc.
505 _aEstudio nacional sobre discriminación laboral femenina por razones de género en las empresas textiles o maquiladoras
590 _aInventariado, 2023/DG
650 _92565
650 _983659
910 _aDG
942 _2ddc
_cLF2
999 _c54083
_d54083